| 000 | 00567cam a22002291 4500 | ||
|---|---|---|---|
| 001 | sa 64004576 | ||
| 003 | DLC | ||
| 005 | 20260227112026.0 | ||
| 008 | 890519s1962 ii 000 0 tamo | ||
| 010 | _asa 64004576 | ||
| 035 | _a(OCoLC)19738209 | ||
| 040 |
_aDLC _cWaU _dDLC |
||
| 042 | _apremarc | ||
| 050 | 0 | 0 |
_aPL4759.T63 _bC4 |
| 100 | 0 | _aCentur̲aimuttu. | |
| 245 | 1 | 0 | _aTolkāppiyar kālamum kalaiyum. |
| 260 | _c[1962] | ||
| 300 |
_a244 p. _c19 cm. |
||
| 500 | _aIn Tamil. | ||
| 600 | 0 | 0 |
_aTolkāppiyar. _tTolkāppiyam. |
| 650 | 0 | _aTamil (Indic people) | |
| 999 |
_c58607 _d58607 |
||